00656nam a2200169 a 450000100100000000500170001000800410002704000250006808200160009311000830010924500530019226000800024530000210032504900090034695201140035599900170046900002740720200930030818.0110331s1945 dr 000 | spa d aDO-SdBNPbspacBNPHU axxxbR4264r1 aRepública Dominicana.bSecretaría de Estado de Relaciones Exteriores9225610aRatificación de los acuerdos de San Francisco. aCiudad Trujillo, República Dominicana :bLuis Sánchez Andújar,c1945. a104 p. ;c25 cm. aBNPD 0010718PDaPDbPDcCTd2011-03-31iLF1l0oxxx R4264rp27407-10r2020-06-25w2020-06-25yLFPDZNo se presta c26899d26899